| Tag |
First Indicator |
Second Indicator |
Subfields |
| LEADER |
00000cam a22000001 4500 |
| 001 |
in00004473921 |
| 005 |
20230801150956.0 |
| 008 |
810725s1939 enka 000 0 eng |
| 010 |
|
|
|a a 40002671
|
| 016 |
7 |
|
|a CAT11016475
|2 DNAL
|
| 016 |
7 |
|
|a 12010350R
|2 DNLM
|
| 019 |
|
|
|a 2710987
|a 34249237
|a 220512238
|
| 029 |
0 |
|
|a NLM
|b 12010350R
|
| 029 |
1 |
|
|a AU@
|b 000005825930
|
| 029 |
1 |
|
|a AU@
|b 000012646642
|
| 029 |
1 |
|
|a AU@
|b 000021705675
|
| 029 |
1 |
|
|a NLGGC
|b 145632482
|
| 029 |
1 |
|
|a NZ1
|b 13007796
|
| 029 |
1 |
|
|a ZWZ
|b 017734258
|
| 035 |
|
|
|a (OCoLC)ocm14721287
|
| 035 |
|
|
|a (OCoLC)14721287
|z (OCoLC)2710987
|z (OCoLC)34249237
|z (OCoLC)220512238
|
| 035 |
|
|
|a (OCoLC)ocm14721287
|
| 040 |
|
|
|a NLM
|b eng
|c NLM
|d NLGGC
|d CGC
|d AAA
|d UAF
|d AGL
|d AUD
|d AU@
|d OCLCF
|d OCLCQ
|d OCLCO
|d WURST
|d OCLCA
|d OCLCO
|
| 043 |
|
|
|a e-uk---
|
| 050 |
|
4 |
|a QL535.4
|b .B8
|
| 060 |
0 |
0 |
|a QX 505
|b E26b 1939
|
| 070 |
0 |
|
|a 428
|b Ed9
|
| 072 |
|
0 |
|a L000
|
| 072 |
|
0 |
|a L700
|
| 072 |
|
0 |
|a L001
|
| 082 |
0 |
4 |
|a 595.770942
|
| 084 |
|
|
|a 42.75
|2 bcl
|
| 100 |
1 |
|
|a Edwards, Frederick Wallace,
|d 1888-1940.
|
| 245 |
1 |
0 |
|a British blood-sucking flies,
|c by F.W. Edwards [and others].
|
| 260 |
|
|
|a London,
|b British Museum,
|c 1939.
|
| 300 |
|
|
|a viii, 156, [90] pages
|b illustrations
|
| 336 |
|
|
|a text
|b txt
|2 rdacontent
|
| 337 |
|
|
|a unmediated
|b n
|2 rdamedia
|
| 338 |
|
|
|a volume
|b nc
|2 rdacarrier
|
| 504 |
|
|
|a Includes "References."
|
| 505 |
0 |
|
|a Index.
|
| 650 |
|
0 |
|a Flies.
|
| 650 |
|
0 |
|a Diptera
|z Great Britain.
|
| 650 |
|
0 |
|a Diptera.
|
| 650 |
|
2 |
|a Diptera
|
| 650 |
|
6 |
|a Mouches.
|
| 650 |
|
6 |
|a Diptères
|z Grande-Bretagne.
|
| 650 |
|
6 |
|a Diptères.
|
| 650 |
|
7 |
|a Diptera.
|2 fast
|0 (OCoLC)fst00894485
|
| 650 |
|
7 |
|a Flies.
|2 fast
|0 (OCoLC)fst00927282
|
| 651 |
|
7 |
|a Great Britain.
|2 fast
|0 (OCoLC)fst01204623
|
| 653 |
0 |
0 |
|a dieren
|
| 653 |
0 |
0 |
|a animals
|
| 653 |
0 |
0 |
|a diptera
|
| 653 |
0 |
0 |
|a great britain
|
| 653 |
0 |
0 |
|a identificatie
|
| 653 |
0 |
0 |
|a identification
|
| 653 |
0 |
0 |
|a insecten
|
| 653 |
0 |
0 |
|a insects
|
| 653 |
0 |
0 |
|a determinatietabellen
|
| 653 |
0 |
0 |
|a keys
|
| 653 |
0 |
0 |
|a hematofage geleedpotigen
|
| 653 |
0 |
0 |
|a haematophagous arthropods
|
| 653 |
1 |
0 |
|a Diptera
|
| 653 |
2 |
0 |
|a Medical Entomology
|
| 653 |
2 |
0 |
|a Medische entomologie
|
| 776 |
0 |
8 |
|i Online version:
|a Edwards, Frederick Wallace, 1888-1940.
|t British blood-sucking flies.
|d London, British Museum, 1939
|w (OCoLC)609159324
|
| 948 |
|
|
|h HELD BY TXA - 110 OTHER HOLDINGS
|
| 994 |
|
|
|a Z0
|b TXA
|
| 999 |
f |
f |
|s 300e248b-09d7-37a4-996c-883115a37e22
|i 87ff2539-59ac-3e15-9cdc-5eb7bc8a589d
|t 0
|
| 952 |
f |
f |
|p noncirc
|a Texas A&M University
|b J.J. Pickle Campus
|c High Density Repository
|d Remote Storage
|t 0
|e QX 505 B862 1939
|h National Library of Medicine classification
|i unmediated -- volume
|m 323890234946A
|
| 998 |
f |
f |
|a QX 505 B862 1939
|t 0
|l Remote Storage
|